| 000 | 00340 a2200109 4500 | ||
|---|---|---|---|
| 001 | 59327 | ||
| 082 | _a340.072 MCC | ||
| 090 |
_c36353 _d36353 |
||
| 100 | _aMike McConville and Wing Hong Chui | ||
| 245 |
_aResearch methods for law _bResearch Methods for the Arts and the Humanities |
||
| 260 |
_aEdinburgh _bEdinburg University Press _c2007 |
||
| 942 |
_aNUST-CAE _k340.072 MCC |
||
| 999 |
_c294400 _d294400 |
||